000 00668nam a2200193Ii 4500
003 JO-AjNU
008 230605s9999||||xx |||||||||||||| ||und||
040 _aJO-AjNU
_bara
_erda
_cJO-AjNU
041 _aara
050 1 4 _aN87.B3788 1965
100 3 _aالبسيوني،محمود تأليف,
_eauthor
_915650
245 0 0 _aالثقافة الفنية والتربية
264 3 1 _aالقاهرة: دارالمعارف ،1965
300 _a496ص
336 _atext
_btxt
_2rdacontent
337 _aunmediated
_bn
_2rdamedia
338 _avolume
_bnc
_2rdacarrier
650 4 _aالفن-الثقافة الفنية-فن الاطفال-التربية الفنية
_915651
999 _aA4468
_c8036
_d8036